|
|
|
|
| LEADER |
01063nam a22002297a 4500 |
| 008 |
130717b xxu||||| |||| 00| 0 eng d |
| 999 |
|
|
|c 1301
|d 1301
|
| 020 |
|
|
|a 9780000106780
|
| 082 |
|
|
|a 843
|b ZOL/NAM
|
| 100 |
|
|
|a സോള, എമിലി
|
| 240 |
|
|
|a Millarude makal
|
| 245 |
|
|
|a മില്ലറുടെ മകള് /
|c എന്. നമ്പൂതിരി
|
| 250 |
|
|
|a 1st ed.
|b Reprint.
|
| 260 |
|
|
|a കോട്ടയം :
|b സാഹിത്യപ്രവര്ത്തക സഹകരണസംഘം,
|c 1958. (2010)
|
| 300 |
|
|
|a 43p.
|
| 650 |
|
|
|a Novel
|
| 650 |
|
|
|a നോവല്
|
| 700 |
|
|
|a Namboothiri, D. N.
|e translator.
|
| 700 |
|
|
|a Zola, Emile
|
| 942 |
|
|
|2 ddc
|c BK
|
| 952 |
|
|
|0 0
|1 0
|2 ddc
|4 0
|6 843_000000000000000_ZOLNAM
|7 0
|9 1392
|a MAIN
|b MAIN
|d 2013-07-17
|e National Book Stall
|g 35.00
|l 2
|o 843 ZOL/NAM
|p 1365
|r 2017-03-30
|s 2017-03-24
|w 2013-07-17
|y BK
|
| 952 |
|
|
|0 0
|1 0
|2 ddc
|4 0
|6 843_000000000000000_ZOLNAM
|7 0
|9 13249
|a MAIN
|b MAIN
|d 2015-01-06
|e National Book Stall
|g 35.00
|l 3
|o 843 ZOL/NAM
|p 13347
|r 2019-07-08
|s 2019-07-05
|t 2
|w 2015-01-06
|y BK
|